Corporate reputation and competitiveness
Gespeichert in:
| 1. Verfasser: | |
|---|---|
| Weitere Verfasser: | , |
| Format: | Buch |
| Sprache: | Englisch |
| Veröffentlicht: |
Abingdon
Routledge/Taylor & Francis Group
2014
|
| Schlagworte: | |
| Tags: |
Keine Tags, Fügen Sie das erste Tag hinzu!
|
MARC
| LEADER | 00000nam a2200000 4500 | ||
|---|---|---|---|
| 001 | 0235628 | ||
| 005 | 20240312115524.0 | ||
| 020 | |a 978-1-138-86116-9 | ||
| 041 | 0 | |a eng | |
| 044 | |a GB | ||
| 245 | 1 | 0 | |a Corporate reputation and competitiveness |c Gary Davies ... [et al.] |
| 264 | 1 | |a Abingdon |b Routledge/Taylor & Francis Group |c 2014 | |
| 300 | |a xiii, 272 s. | ||
| 610 | 2 | 0 | |a identita podniková |
| 610 | 2 | 0 | |a kultúra podniková |
| 610 | 2 | 0 | |a imidž |
| 610 | 2 | 0 | |a konkurencieschopnosť |
| 610 | 2 | 0 | |a stratégia podnikateľská |
| 610 | 2 | 0 | |a stratégia podniková |
| 610 | 2 | 0 | |a riadenie podnikové |
| 100 | 1 | |a Davies, Gary | |
| 700 | 1 | |a Chun, Rosa | |
| 700 | 1 | |a da Silva, Rui Vinhas | |